Memes & Vines - Statistics

General Stats
  • This quiz has been taken 2 times
  • The average score is 11 of 16
Answer Stats
Picture Hint Answer % Correct
He got hit with a Basketball
100%
Look at all those ___ Chickens
100%
Look at this ___ Graph
100%
My name is ___ Jeff
100%
His name Luke Skywalker
100%
I'm driving my _____ Mums car
100%
You are my ____ Sunshine
100%
Wait a minute, ___ who are you
100%
Who is he calling Adam
50%
Welcome to ____ Chili's
50%
What is he waiting for Gangnam style
50%
Im gay
50%
Okay
50%
It's ____ my dudes Wednesday
50%
His name Josh Hutcherson
0%
His name Ricardo Milos
0%
No matching quizzes found
Score Distribution
Percent of People with Each Score
Percentile by Number Answered
Your Score History
You have not taken this quiz